Statistics for Body Language - Toe

Click here to take the quiz!

General Stats

  • This quiz has been taken 252 times
  • The average score is 4 of 9

Answer Stats

HintAnswer% Correct
Be vewy, vewy quiet. Do this when hunting wabbits.Tiptoe
87%
A parasitic plant that makes people kissMistletoe
81%
Go for the center squareTic Tac Toe
56%
Ask Dan Quayle to spell thisPotatoes
53%
Similar to animals clawsToenail
46%
An object kept as a reminder of a person or event.Mementoes
44%
A run-down part of townGhettoes
28%
Term for abnormal bending of the toesHammertoe
27%
A relatively insignificant position from which further progress may be madeToehold
20%

Score Distribution

Percentile by Number Answered

Percent of People with Each Score

Your Score History

You have not taken this quiz